[Event "Bastia Summer op 1st"]
[Site "Bastia"]
[Date "2021.07.17"]
[Round "8"]
[White "Mastrovasilis, Dimitrios"]
[Black "Humeau, Cyril"]
[Result "1-0"]
[WhiteElo "2609"]
[BlackElo "2311"]
[PlyCount "93"]
[EventDate "2021.07.12"]
[EventType "swiss"]
[EventRounds "9"]
[EventCountry "FRA"]
[SourceTitle "CBM 203 Extra"]
[Source "ChessBase"]
[SourceDate "2021.09.30"]
[SourceVersion "1"]
[SourceVersionDate "2021.09.30"]
[SourceQuality "1"]

1. e4 e5 2. Nf3 Nf6 3. Nxe5 d6 4. Nf3 Nxe4 5. c4 Be7 6. d4 d5 7. Bd3 c6 8. 0-0 0-0 9. Re1 Nf6 10. Nc3 h6 11. Qb3 dxc4 12. Bxc4 b5 13. Bf1 Nbd7 14. Ne5 Nxe5 15. dxe5 Nd5 16. Nxd5 cxd5 17. Qxb5 Be6 18. b3 Qc7 19. Bd2 Rfc8 20. Rac1 Qd8 21. Bd3 a6 22. Qa4 a5 23. Rxc8 Qxc8 24. Rc1 Qb8 25. Qc6 Ra7 26. h3 Qxe5 27. Be3 d4 28. Qe8+ Bf8 29. Rc8 Qd6 30. Bf4 Qe7 31. Qxe7 Rxe7 32. Ra8 Rd7 33. Bb5 Rb7 34. Bd3 f5 35. Bd6 Rf7 36. Kf1 g5 37. Bc4 Bxc4+ 38. bxc4 Kg7 39. Bxf8+ Rxf8 40. Rxf8 Kxf8 41. Ke2 Ke7 42. Kd3 Kd6 43. Kxd4 a4 44. a3 f4 45. c5+ Kc6 46. f3 h5 47. Ke4 1-0

[Event "Bastia Summer op 1st"]
[Site "Bastia"]
[Date "2021.07.14"]
[Round "5"]
[White "Humeau, Cyril"]
[Black "Battesti, Marc Andria"]
[Result "1/2-1/2"]
[WhiteElo "2311"]
[BlackElo "2060"]
[PlyCount "80"]
[EventDate "2021.07.12"]
[EventType "swiss"]
[EventRounds "9"]
[EventCountry "FRA"]
[SourceTitle "CBM 203 Extra"]
[Source "ChessBase"]
[SourceDate "2021.09.30"]
[SourceVersion "1"]
[SourceVersionDate "2021.09.30"]
[SourceQuality "1"]

1. d4 Nf6 2. Bf4 d5 3. e3 c5 4. c3 Qb6 5. Qb3 c4 6. Qxb6 axb6 7. Nd2 b5 8. a3 Bf5 9. f3 Nc6 10. g4 Bg6 11. Rc1 e6 12. h4 h5 13. g5 Nd7 14. Bh3 Bd3 15. Bf1 Bg6 16. Bh3 Nb6 17. e4 Na4 18. Rc2 Be7 19. Ne2 0-0 20. 0-0 Rfd8 21. Bc7 Rdc8 22. Bg3 Rd8 23. Nf4 Bd6 24. Kh2 Bxf4 25. Bxf4 e5 26. Bxe5 Nxe5 27. dxe5 dxe4 28. Nxe4 Nc5 29. Re2 Bxe4 30. fxe4 Re8 31. e6 fxe6 32. g6 Rf8 33. Ref2 Rxf2+ 34. Rxf2 Rd8 35. Rf7 Rd2+ 36. Kg1 b6 37. Re7 Kf8 38. Rf7+ Kg8 39. Re7 Kf8 40. Rf7+ Kg8 1/2-1/2

[Event "Calvi Balagne op 10th"]
[Site "Calvi"]
[Date "2013.04.13"]
[Round "8"]
[White "Humeau, Cyril"]
[Black "Gertosio, Franck"]
[Result "1-0"]
[WhiteElo "2312"]
[BlackElo "2180"]
[PlyCount "92"]
[EventDate "2013.04.13"]
[EventType "swiss (rapid)"]
[EventRounds "9"]
[EventCountry "FRA"]
[SourceTitle "CBM 153 Extra"]
[Source "ChessBase"]
[SourceDate "2013.04.22"]
[SourceVersion "1"]
[SourceVersionDate "2013.04.22"]
[SourceQuality "1"]

1. c4 e5 2. g3 Nc6 3. Bg2 g6 4. Nc3 Bg7 5. Nf3 d6 6. d3 Nf6 7. 0-0 0-0 8. Rb1 a5 9. a3 Re8 10. Bg5 h6 11. Bxf6 Bxf6 12. b4 axb4 13. axb4 Bg7 14. b5 Ne7 15. Qb3 c6 16. Nd2 Be6 17. bxc6 bxc6 18. Nce4 f5 19. Nc3 Qa5 20. Rfc1 Bf7 21. Kf1 d5 22. cxd5 cxd5 23. Qb5 Qxb5 24. Nxb5 Ra2 25. Ke1 Rd8 26. e3 d4 27. exd4 exd4 28. Nc7 h5 29. f4 Bf8 30. Ra1 Rxa1 31. Rxa1 Rc8 32. Nb5 Bd5 33. Bxd5+ Nxd5 34. Nxd4 Nb4 35. Ra4 Re8+ 36. Kf1 Nxd3 37. N2f3 Rb8 38. Ra6 Rb2 39. Rxg6+ Kf7 40. Rc6 Be7 41. h4 Bf6 42. Ng5+ Kg6 43. Nh7 Kxh7 44. Rxf6 Nc5 45. Nxf5 Ne4 46. Rh6+ Kg8 1-0

[Event "Calvi Balagne op 10th"]
[Site "Calvi"]
[Date "2013.04.13"]
[Round "4"]
[White "Humeau, Cyril"]
[Black "Rapport, Richard"]
[Result "0-1"]
[WhiteElo "2312"]
[BlackElo "2654"]
[PlyCount "66"]
[EventDate "2013.04.13"]
[EventType "swiss (rapid)"]
[EventRounds "9"]
[EventCountry "FRA"]
[SourceTitle "CBM 153 Extra"]
[Source "ChessBase"]
[SourceDate "2013.04.22"]
[SourceVersion "1"]
[SourceVersionDate "2013.04.22"]
[SourceQuality "1"]

1. c4 g6 2. g3 Bg7 3. Bg2 c5 4. Nf3 Nc6 5. 0-0 b6 6. Nc3 Bb7 7. b3 d6 8. Bb2 Qd7 9. d3 Nh6 10. Qd2 Nf5 11. Nd5 Nfd4 12. Nxd4 cxd4 13. e4 e6 14. Nb4 Ne7 15. Nc2 e5 16. f4 h5 17. Nb4 h4 18. Nd5 hxg3 19. hxg3 Bxd5 20. cxd5 f5 21. Rae1 0-0-0 22. a4 fxe4 23. Bxe4 Nf5 24. Rf3 Ne3 25. Rexe3 dxe3 26. Qxe3 exf4 27. Qc1+ Kb8 28. Rxf4 Rc8 29. Qd2 Bxb2 30. Qxb2 Qh3 31. Rf2 Qxg3+ 32. Kf1 Rhf8 33. Rf6 Rc1+ 0-1

[Event "Corsica-ch"]
[Site "Bastia"]
[Date "2012.06.27"]
[Round "5"]
[White "Guillemart, Serge"]
[Black "Humeau, Cyril"]
[Result "0-1"]
[WhiteElo "1780"]
[BlackElo "2279"]
[PlyCount "54"]
[EventDate "2012.06.23"]
[EventType "tourn"]
[EventRounds "7"]
[EventCountry "FRA"]
[SourceTitle "CBM 149 Extra"]
[Source "ChessBase"]
[SourceDate "2012.08.24"]
[SourceVersion "1"]
[SourceVersionDate "2012.08.24"]
[SourceQuality "1"]

1. e4 c5 2. Nf3 Nc6 3. Nc3 e5 4. Bc4 Be7 5. 0-0 d6 6. h3 Nf6 7. Ng5 0-0 8. f4 h6 9. Nf3 exf4 10. d3 g5 11. Bd2 Be6 12. Nd5 Ne5 13. Nxe5 dxe5 14. Qf3 Qd6 15. Bc3 Nxd5 16. exd5 Bd7 17. Rae1 Bf6 18. Qe4 Rae8 19. g3 b5 20. gxf4 exf4 21. Bb3 Bxc3 22. bxc3 Rxe4 23. dxe4 c4 24. e5 Qc5+ 25. Kh2 cxb3 26. e6 fxe6 27. dxe6 Bc6 0-1

[Event "Corsica-ch"]
[Site "Bastia"]
[Date "2012.06.23"]
[Round "1"]
[White "Humeau, Cyril"]
[Black "Utrera, Ludovic"]
[Result "1/2-1/2"]
[WhiteElo "2279"]
[BlackElo "1953"]
[PlyCount "105"]
[EventDate "2012.06.23"]
[EventType "tourn"]
[EventRounds "7"]
[EventCountry "FRA"]
[SourceTitle "CBM 149 Extra"]
[Source "ChessBase"]
[SourceDate "2012.08.24"]
[SourceVersion "1"]
[SourceVersionDate "2012.08.24"]
[SourceQuality "1"]

1. d4 Nf6 2. g3 g6 3. Bg2 d6 4. Nf3 Bg7 5. b3 0-0 6. Bb2 c5 7. c4 Bg4 8. h3 Bf5 9. Nc3 Nc6 10. 0-0 Qd7 11. Kh2 cxd4 12. Nd5 e5 13. g4 Be6 14. e3 Nxd5 15. cxd5 Bxd5 16. exd4 Bxf3 17. Bxf3 Nxd4 18. Bxd4 exd4 19. Qd3 Rac8 20. Kg2 Rfe8 21. Rae1 Re5 22. Rd1 Rec5 23. Qe4 d5 24. Qe2 Re8 25. Qd2 Rc3 26. Rfe1 Rec8 27. Qg5 R3c5 28. Re2 h6 29. Qd2 Qd6 30. Rde1 R8c7 31. Kg1 Kh7 32. Kg2 Rc3 33. Rd1 Rxf3 34. Kxf3 Qh2 35. Re8 Rc3+ 36. Ke2 d3+ 37. Qxd3 Rxd3 38. Rxd3 d4 39. Rg3 Qh1 40. Rf3 Qb1 41. Rxf7 Qc2+ 42. Kf1 Qc1+ 43. Re1 Qc3 44. Ree7 Qxh3+ 45. Ke2 Qxg4+ 46. Kd2 Qg5+ 47. f4 Qg2+ 48. Ke1 Qg3+ 49. Kf1 Qf3+ 50. Kg1 Qg3+ 51. Kf1 Qf3+ 52. Kg1 Qg3+ 53. Kf1 1/2-1/2

[Event "Corsica-chT"]
[Site "Bastia"]
[Date "2012.06.02"]
[Round "1.2"]
[White "Humeau, Cyril"]
[Black "Tomasi, Albert"]
[Result "1-0"]
[WhiteElo "2279"]
[BlackElo "1694"]
[PlyCount "57"]
[EventDate "2012.06.02"]
[EventType "team-match"]
[EventRounds "2"]
[EventCountry "FRA"]
[SourceTitle "EXT 2013"]
[Source "ChessBase"]
[SourceDate "2012.11.22"]
[SourceVersion "1"]
[SourceVersionDate "2012.11.22"]
[SourceQuality "1"]

1. e4 e5 2. Nf3 Nc6 3. Bc4 Bc5 4. 0-0 Nf6 5. d3 d6 6. c3 a6 7. Nbd2 Na5 8. Bxf7+ Kxf7 9. b4 Bxb4 10. cxb4 Nc6 11. Qb3+ Ke8 12. Bb2 Qe7 13. d4 exd4 14. Nxd4 Nxd4 15. Bxd4 Be6 16. Qc3 Qf7 17. a4 Kd7 18. Rac1 c6 19. f4 Kc7 20. f5 Ba2 21. Qc2 Qg8 22. Ra1 Bf7 23. e5 Nd5 24. Qb2 dxe5 25. Bxe5+ Kc8 26. Bxg7 Ne3 27. Rf3 Nxg2 28. Kxg2 Bd5 29. Kf2 1-0

[Event "Corsica-ch"]
[Site "Bastia"]
[Date "2011.06.29"]
[Round "5.3"]
[White "Humeau, Cyril"]
[Black "Geronimi, Pierre Francois"]
[Result "1-0"]
[WhiteElo "2226"]
[BlackElo "2014"]
[PlyCount "65"]
[EventDate "2011.06.25"]
[EventType "tourn"]
[EventRounds "7"]
[EventCountry "FRA"]
[SourceTitle "EXT 2012"]
[Source "ChessBase"]
[SourceDate "2011.11.24"]
[SourceVersion "1"]
[SourceVersionDate "2011.11.24"]
[SourceQuality "1"]

1. e4 c5 2. c3 Nf6 3. e5 Nd5 4. Nf3 Nc6 5. Bc4 Nb6 6. Bb3 d5 7. exd6 Qxd6 8. 0-0 Bg4 9. Bxf7+ Kxf7 10. Ng5+ Kg6 11. Qxg4 h5 12. Qe6+ Qxe6 13. Nxe6 c4 14. b3 Kf6 15. Nxf8 Rhxf8 16. Na3 Rfd8 17. f4 cxb3 18. axb3 Rd3 19. Nc2 Rad8 20. Rf2 a6 21. Ne1 R3d7 22. d4 Kf5 23. Nf3 Nd5 24. c4 Nf6 25. d5 Nb4 26. Ne5 Ng4 27. Re2 Rc7 28. Nxg4 hxg4 29. Re5+ Kf6 30. Bd2 Nd3 31. Ba5 Nxf4 32. Bxc7 Rc8 33. Re4 1-0

[Event "Corsica-ch"]
[Site "Bastia"]
[Date "2011.06.26"]
[Round "2.2"]
[White "Humeau, Cyril"]
[Black "Luciani, Thibault"]
[Result "1-0"]
[WhiteElo "2226"]
[BlackElo "1926"]
[PlyCount "99"]
[EventDate "2011.06.25"]
[EventType "tourn"]
[EventRounds "7"]
[EventCountry "FRA"]
[SourceTitle "EXT 2012"]
[Source "ChessBase"]
[SourceDate "2011.11.24"]
[SourceVersion "1"]
[SourceVersionDate "2011.11.24"]
[SourceQuality "1"]

1. e4 c5 2. c3 Nf6 3. e5 Nd5 4. Nf3 Nc6 5. Bc4 Nb6 6. Bb3 d6 7. exd6 e6 8. 0-0 Bxd6 9. d4 0-0 10. dxc5 Bxc5 11. Bg5 Qxd1 12. Rxd1 e5 13. Nbd2 Bf5 14. Nc4 h6 15. Be3 Bxe3 16. Nxe3 Be4 17. Nd2 Bd3 18. f3 Na5 19. Kf2 Rfd8 20. Ne4 Rac8 21. Ke1 Nxb3 22. axb3 a6 23. Nf2 Bg6 24. Rxd8+ Rxd8 25. Ra5 f6 26. b4 Bf7 27. b5 Nc4 28. Nxc4 Bxc4 29. bxa6 bxa6 30. Rc5 Bb3 31. Ke2 Rd7 32. Ne4 Kf7 33. Nd2 Bc2 34. b4 Ke6 35. Ne4 f5 36. Rc6+ Kd5 37. Rc5+ Ke6 38. Nf2 g5 39. Rc6+ Rd6 40. Rxd6+ Kxd6 41. c4 Bb3 42. Kd3 Ba2 43. g4 fxg4 44. fxg4 Bb1+ 45. Ke3 Ba2 46. Ne4+ Kc6 47. Nd2 Kd6 48. Kd3 Ke6 49. Kc3 e4 50. Kd4 1-0

[Event "Calvi Balagne op 08th"]
[Site "Calvi"]
[Date "2011.04.30"]
[Round "8"]
[White "Humeau, Cyril"]
[Black "Terrieux, Kevin"]
[Result "1/2-1/2"]
[WhiteElo "2230"]
[BlackElo "2422"]
[PlyCount "120"]
[EventDate "2011.04.26"]
[EventType "swiss"]
[EventRounds "8"]
[EventCountry "FRA"]
[SourceTitle "CBM 142 Extra"]
[Source "ChessBase"]
[SourceDate "2011.06.27"]
[SourceVersion "1"]
[SourceVersionDate "2011.06.27"]
[SourceQuality "1"]

1. e4 c5 2. c3 Nf6 3. e5 Nd5 4. Nf3 Nc6 5. Bc4 Nb6 6. Bb3 c4 7. Bc2 d5 8. exd6 Qxd6 9. 0-0 Bg4 10. Re1 e6 11. b3 Be7 12. Qe2 cxb3 13. axb3 0-0 14. d4 Nd5 15. Ba3 Qc7 16. Bxe7 Qxe7 17. Qd3 Bf5 18. Qd2 Bxc2 19. Qxc2 a5 20. Na3 Rfd8 21. Nb5 h6 22. Qe2 Nc7 23. Ne5 Nxe5 24. Qxe5 Nxb5 25. Qxb5 Qc7 26. Re3 Rd5 27. Qd3 Rad8 28. Qc4 Qd6 29. g3 b5 30. Qe2 Qb6 31. Re5 b4 32. c4 Qxd4 33. Rxa5 Rxa5 34. Rxa5 Qd1+ 35. Qxd1 Rxd1+ 36. Kg2 Rd3 37. Ra8+ Kh7 38. Rb8 Rxb3 39. c5 Rc3 40. Rxb4 Rxc5 41. h4 h5 42. Ra4 Kg6 43. Ra6 Rc8 44. Ra5 f6 45. Ra7 e5 46. Kf3 Rc3+ 47. Kg2 Rc4 48. Ra2 Kf5 49. Kh3 Rc5 50. Rb2 g6 51. Ra2 e4 52. Rb2 Rd5 53. Ra2 Ke5 54. Kg2 Kd4 55. Ra6 Ke5 56. Ra2 Kf5 57. Kh3 Re5 58. Ra4 Rb5 59. Ra2 Ke5 60. Kg2 Rd5 1/2-1/2

[Event "Calvi Balagne op 08th"]
[Site "Calvi"]
[Date "2011.04.28"]
[Round "5"]
[White "Demuth, Adrien"]
[Black "Humeau, Cyril"]
[Result "1/2-1/2"]
[WhiteElo "2375"]
[BlackElo "2230"]
[PlyCount "153"]
[EventDate "2011.04.26"]
[EventType "swiss"]
[EventRounds "8"]
[EventCountry "FRA"]
[SourceTitle "CBM 142 Extra"]
[Source "ChessBase"]
[SourceDate "2011.06.27"]
[SourceVersion "1"]
[SourceVersionDate "2011.06.27"]
[SourceQuality "1"]

1. d4 d5 2. Nf3 Nf6 3. c4 dxc4 4. e3 e6 5. Bxc4 a6 6. a4 c5 7. 0-0 cxd4 8. exd4 Nc6 9. Nc3 Be7 10. Re1 0-0 11. Bg5 Nd5 12. Nxd5 Bxg5 13. Nxg5 Qxg5 14. Nb6 Rb8 15. d5 exd5 16. Qxd5 Qf6 17. a5 Be6 18. Rxe6 fxe6 19. Qxe6+ Kh8 20. Qxf6 Rxf6 21. Nd7 Rf4 22. Nxb8 Rxc4 23. Nxc6 Rxc6 24. f3 h6 25. Re1 Rc5 26. b4 Rb5 27. Re4 Kh7 28. Kf2 b6 29. axb6 Rxb6 30. g4 Rb5 31. h4 a5 32. bxa5 Rxa5 33. h5 Ra2+ 34. Kg3 Ra3 35. Re7 Rb3 36. Kf4 Ra3 37. Re3 Ra5 38. Re5 Ra3 39. Re7 Rb3 40. Ke4 Rb4+ 41. Kf5 Rb5+ 42. Re5 Rb7 43. f4 Rf7+ 44. Ke4 Ra7 45. Re6 Ra5 46. Re7 Rb5 47. Rd7 Ra5 48. Rd5 Ra7 49. Re5 Rb7 50. Kf3 Rb3+ 51. Re3 Rb5 52. Kg3 Rb1 53. g5 hxg5 54. fxg5 Rg1+ 55. Kf4 Rb1 56. Kg4 Rg1+ 57. Rg3 Rb1 58. Rg2 Rf1 59. Re2 Rg1+ 60. Kf5 Rf1+ 61. Kg4 Rg1+ 62. Kf4 Rf1+ 63. Kg3 Rd1 64. Rh2 Rg1+ 65. Kf4 Rf1+ 66. Kg3 Rg1+ 67. Rg2 Rh1 68. Kg4 Rf1 69. Rg3 Rh1 70. Re3 Rg1+ 71. Kf5 Rf1+ 72. Ke6 Rh1 73. h6 gxh6 74. gxh6 Rf1 75. Re5 Kxh6 76. Rf5 Rxf5 77. Kxf5 1/2-1/2

[Event "Corsica Masters op 14th"]
[Site "Bastia"]
[Date "2010.10.24"]
[Round "1"]
[White "Humeau, Cyril"]
[Black "Bluvshtein, Mark"]
[Result "0-1"]
[WhiteElo "2237"]
[BlackElo "2583"]
[PlyCount "106"]
[EventDate "2010.10.24"]
[EventType "swiss"]
[EventRounds "7"]
[EventCountry "FRA"]
[SourceTitle "EXT 2011"]
[Source "ChessBase"]
[SourceDate "2010.11.26"]
[SourceVersion "1"]
[SourceVersionDate "2010.11.26"]
[SourceQuality "1"]

1. e4 d6 2. d4 Nf6 3. Nc3 g6 4. Nf3 Bg7 5. h3 0-0 6. Be3 a6 7. Bd3 b5 8. 0-0 Bb7 9. e5 Nd5 10. Nxd5 Bxd5 11. a4 b4 12. c4 bxc3 13. bxc3 Nd7 14. exd6 cxd6 15. c4 Bxf3 16. Qxf3 e5 17. Qc6 exd4 18. Bf4 Be5 19. Bh6 Re8 20. f4 Rc8 21. Qf3 Bg7 22. Bxg7 Kxg7 23. Qd5 Qf6 24. f5 g5 25. Rad1 Nc5 26. Bb1 d3 27. Bxd3 Nxa4 28. Rd2 Nc5 29. Bc2 Rcd8 30. Rfd1 Re3 31. Qc6 Qe5 32. f6+ Qxf6 33. Rxd6 Rxd6 34. Qxd6 Re1+ 35. Kh2 Rxd1 36. Qxd1 Qf4+ 37. Kh1 Qxc4 38. Qd8 h6 39. Qd1 Qc3 40. Kh2 a5 41. Kh1 Ne6 42. Bb3 Nd4 43. Bd5 Nc2 44. Bxf7 Kxf7 45. Qd7+ Kf6 46. Qd6+ Kf5 47. Qxh6 Nd4 48. Qh7+ Kf4 49. Qd7 Ke3 50. Qe7+ Kd3 51. Qxg5 Qe1+ 52. Kh2 Nf3+ 53. gxf3 Qf2+ 0-1

[Event "Stare Mesto op"]
[Site "Stare Mesto"]
[Date "2010.08.21"]
[Round "10"]
[White "Jakubek, Peter"]
[Black "Humeau, Cyril"]
[Result "1/2-1/2"]
[WhiteElo "2113"]
[BlackElo "2244"]
[PlyCount "54"]
[EventDate "2010.08.13"]
[EventType "swiss"]
[EventRounds "10"]
[EventCountry "CZE"]
[SourceTitle "CBM 138 Extra"]
[Source "ChessBase"]
[SourceDate "2010.10.29"]
[SourceVersion "1"]
[SourceVersionDate "2010.10.29"]
[SourceQuality "1"]

1. d4 d5 2. Bf4 Bg4 3. Qd3 c6 4. Nc3 Nf6 5. f3 Bh5 6. e4 dxe4 7. fxe4 e6 8. Be2 Nbd7 9. Nf3 Bb4 10. 0-0 Bg6 11. Nd2 Qe7 12. a3 Bxc3 13. bxc3 e5 14. dxe5 Nxe5 15. Qd4 Nfd7 16. Nc4 Nxc4 17. Bxc4 Qc5 18. Bd6 Qxd4+ 19. cxd4 Nb6 20. Bb3 Rd8 21. e5 Nc8 22. Rae1 Nxd6 23. exd6+ Kd7 24. Re7+ Kxd6 25. Rxb7 Rd7 26. Rxd7+ Kxd7 27. Bxf7 Bxc2 1/2-1/2

[Event "Stare Mesto op"]
[Site "Stare Mesto"]
[Date "2010.08.16"]
[Round "5"]
[White "Humeau, Cyril"]
[Black "Bacak, Petr Jr"]
[Result "1-0"]
[WhiteElo "2244"]
[BlackElo "2038"]
[PlyCount "75"]
[EventDate "2010.08.13"]
[EventType "swiss"]
[EventRounds "10"]
[EventCountry "CZE"]
[SourceTitle "CBM 138 Extra"]
[Source "ChessBase"]
[SourceDate "2010.10.29"]
[SourceVersion "1"]
[SourceVersionDate "2010.10.29"]
[SourceQuality "1"]

1. e4 d5 2. exd5 Qxd5 3. Nf3 Nf6 4. Be2 e6 5. 0-0 Be7 6. c4 Qd8 7. d4 c5 8. dxc5 Qxd1 9. Rxd1 Bxc5 10. Nc3 0-0 11. a3 a5 12. Na4 Nbd7 13. Bg5 Ne4 14. Nxc5 Nexc5 15. Rac1 a4 16. Kf1 f6 17. Be3 Nb3 18. Rc2 Ndc5 19. Nd2 e5 20. Nxb3 Nxb3 21. c5 Be6 22. Rd6 Bf7 23. Rb6 Na5 24. Bd2 Bb3 25. Rc1 Bd5 26. Bxa5 Rxa5 27. Bc4 Bxc4+ 28. Rxc4 Rc8 29. Rxb7 Rcxc5 30. Rcb4 h6 31. g3 Kh7 32. Rg4 h5 33. Rbxg7+ Kh8 34. Rg8+ Kh7 35. R4g7+ Kh6 36. Rg6+ Kh7 37. R8g7+ Kh8 38. Rb7 1-0

[Event "Stare Mesto op"]
[Site "Stare Mesto"]
[Date "2010.08.15"]
[Round "3"]
[White "Humeau, Cyril"]
[Black "Gabriel, Adam"]
[Result "1/2-1/2"]
[WhiteElo "2244"]
[BlackElo "2100"]
[PlyCount "66"]
[EventDate "2010.08.13"]
[EventType "swiss"]
[EventRounds "10"]
[EventCountry "CZE"]
[SourceTitle "CBM 138 Extra"]
[Source "ChessBase"]
[SourceDate "2010.10.29"]
[SourceVersion "1"]
[SourceVersionDate "2010.10.29"]
[SourceQuality "1"]

1. e4 c5 2. c3 d5 3. exd5 Qxd5 4. d4 e5 5. dxe5 Qxd1+ 6. Kxd1 Nc6 7. Nf3 Bg4 8. Kc2 0-0-0 9. Bg5 Be7 10. Nbd2 Bf5+ 11. Kc1 Bxg5 12. Nxg5 Nxe5 13. f4 h6 14. fxe5 hxg5 15. Nc4 Kb8 16. Be2 g4 17. Ne3 Nh6 18. Nxf5 Nxf5 19. Bxg4 Ne3 20. Bf3 Rhe8 21. a3 g5 22. h3 Rxe5 23. Kb1 Rd2 24. Ka2 Nxg2 25. Rh2 Rf2 26. Rxg2 Rxf3 27. Rh1 a6 28. h4 gxh4 29. Rxh4 Re7 30. Rh5 f5 31. Rh8+ Kc7 32. Rf8 Rf1 33. Rd2 f4 1/2-1/2

[Event "Calvi Balagne op 07th"]
[Site "Calvi"]
[Date "2010.04.25"]
[Round "1"]
[White "Humeau, Cyril"]
[Black "Rigal, Joel"]
[Result "1-0"]
[WhiteElo "2193"]
[BlackElo "1643"]
[PlyCount "109"]
[EventDate "2010.04.25"]
[EventType "swiss"]
[EventRounds "9"]
[EventCountry "FRA"]
[SourceTitle "CBM 136 Extra"]
[Source "ChessBase"]
[SourceDate "2010.07.02"]
[SourceVersion "2"]
[SourceVersionDate "2010.07.15"]
[SourceQuality "1"]

1. b4 Nf6 2. Bb2 d6 3. c4 e5 4. Nc3 g6 5. Nf3 Bg7 6. e3 0-0 7. d4 exd4 8. Nxd4 Re8 9. Be2 Bd7 10. Bf3 c6 11. 0-0 Qc7 12. Rc1 Na6 13. a3 Rac8 14. Qe2 Qb8 15. Rfd1 Nc7 16. Rd2 Ne6 17. Nxe6 Bxe6 18. Rcd1 Red8 19. h3 Ne8 20. e4 Bh6 21. Rc2 Qc7 22. Bg4 Bxg4 23. Qxg4 Qd7 24. Qh4 Bf8 25. Ne2 Be7 26. Qf4 Qc7 27. Rcd2 Bf8 28. h4 Ng7 29. Bxg7 Bxg7 30. Rxd6 Rxd6 31. Qxd6 Qxd6 32. Rxd6 Kf8 33. Rd7 Ke8 34. Rxb7 a6 35. g3 c5 36. b5 axb5 37. Rxb5 Kd7 38. Rb7+ Rc7 39. Rxc7+ Kxc7 40. f4 Bb2 41. a4 Kb6 42. Kf2 Ka5 43. Ke3 Kxa4 44. Kd3 Bg7 45. Nc3+ Ka5 46. Nd5 Ka6 47. g4 Kb7 48. e5 Kc6 49. Ke4 h6 50. f5 g5 51. hxg5 hxg5 52. f6 Bf8 53. Nc3 Bh6 54. Kf5 Kd7 55. Ne4 1-0

[Event "Grosseto 2nd"]
[Site "Grosseto"]
[Date "2010.02.25"]
[Round "6"]
[White "Humeau, Cyril"]
[Black "Andrade, Matthis"]
[Result "1-0"]
[WhiteElo "2188"]
[BlackElo "2120"]
[PlyCount "55"]
[EventDate "2010.02.22"]
[EventType "tourn"]
[EventRounds "9"]
[EventCountry "ITA"]
[SourceTitle "CBM 135 Extra"]
[Source "ChessBase"]
[SourceDate "2010.05.04"]
[SourceVersion "1"]
[SourceVersionDate "2010.05.04"]
[SourceQuality "1"]

1. e4 c5 2. Nf3 Nc6 3. d4 cxd4 4. Nxd4 Nf6 5. Nc3 d6 6. Bg5 e6 7. Qd2 a6 8. 0-0-0 Bd7 9. f4 b5 10. Bxf6 gxf6 11. f5 Nxd4 12. Qxd4 Bh6+ 13. Kb1 Bf4 14. Ne2 Be5 15. Qd2 Rc8 16. fxe6 fxe6 17. Nf4 Qb6 18. g3 Ke7 19. Bh3 Rc4 20. Nd3 Rxe4 21. Qh6 Kf7 22. Rhf1 f5 23. Bxf5 exf5 24. Nxe5+ Rxe5 25. Rxd6 Qd8 26. Rfd1 Be6 27. Rxd8 Rxd8 28. Qxh7+ 1-0

[Event "Grosseto 2nd"]
[Site "Grosseto"]
[Date "2010.02.24"]
[Round "5"]
[White "Pomaro, Alberto"]
[Black "Humeau, Cyril"]
[Result "0-1"]
[WhiteElo "2306"]
[BlackElo "2188"]
[PlyCount "42"]
[EventDate "2010.02.22"]
[EventType "tourn"]
[EventRounds "9"]
[EventCountry "ITA"]
[SourceTitle "CBM 135 Extra"]
[Source "ChessBase"]
[SourceDate "2010.05.04"]
[SourceVersion "1"]
[SourceVersionDate "2010.05.04"]
[SourceQuality "1"]

1. e4 e5 2. Nf3 Nf6 3. Nxe5 d6 4. Nf3 Nxe4 5. Nc3 Nxc3 6. dxc3 Be7 7. Be3 Nc6 8. Qd2 Be6 9. 0-0-0 Bxa2 10. Nd4 0-0 11. b3 a5 12. Kb2 a4 13. Ra1 axb3 14. cxb3 Nxd4 15. Bxd4 c5 16. Bxg7 Qa5 17. Bxf8 Qa3+ 18. Kc2 Qxb3+ 19. Kc1 Qa3+ 20. Kc2 Bxf8 21. Kd3 Bc4+ 0-1

[Event "Grosseto 2nd"]
[Site "Grosseto"]
[Date "2010.02.22"]
[Round "1"]
[White "Humeau, Cyril"]
[Black "Rossi, Enzo"]
[Result "1-0"]
[WhiteElo "2188"]
[BlackElo "2102"]
[PlyCount "37"]
[EventDate "2010.02.22"]
[EventType "tourn"]
[EventRounds "9"]
[EventCountry "ITA"]
[SourceTitle "CBM 135 Extra"]
[Source "ChessBase"]
[SourceDate "2010.05.04"]
[SourceVersion "1"]
[SourceVersionDate "2010.05.04"]
[SourceQuality "1"]

1. e4 e5 2. f4 exf4 3. Nf3 Be7 4. Bc4 d6 5. 0-0 Nc6 6. d4 g5 7. c3 Nh6 8. g3 Bg4 9. gxf4 Rg8 10. Kh1 gxf4 11. Bxf4 Bg5 12. Bg3 Qe7 13. Qd3 Bxf3+ 14. Rxf3 0-0-0 15. Na3 Ng4 16. Rxf7 Qe8 17. Nb5 Rf8 18. Rxf8 Qxf8 19. Be6+ 1-0